UBT Library

Health information management technology : (Record no. 39174)

000 -LEADER
fixed length control field 00840cam a22002657a 4500
001 - CONTROL NUMBER
control field 16785576
005 - DATE AND TIME OF LATEST TRANSACTION
control field 20171219075136.0
008 - FIXED-LENGTH DATA ELEMENTS--GENERAL INFORMATION
fixed length control field 110518s2011 ilua b 001 0 eng d
010 ## - LIBRARY OF CONGRESS CONTROL NUMBER
LC control number 2011420832
020 ## - INTERNATIONAL STANDARD BOOK NUMBER
International Standard Book Number 9781584262596
020 ## - INTERNATIONAL STANDARD BOOK NUMBER
International Standard Book Number 1584262591
035 ## - SYSTEM CONTROL NUMBER
System control number (OCoLC)ocn654469276
040 ## - CATALOGING SOURCE
Original cataloging agency TZA
Transcribing agency TZA
Modifying agency CDX
-- YSY
-- DLC
041 ## - LANGUAGE CODE
Language code of text/sound track or separate title eng
042 ## - AUTHENTICATION CODE
Authentication code lccopycat
080 ## - UNIVERSAL DECIMAL CLASSIFICATION NUMBER
Universal Decimal Classification number 610.285 JOH
082 00 - DEWEY DECIMAL CLASSIFICATION NUMBER
Classification number 610.285 JOH
Edition number 23
100 ## - Rafti
Rafti 4
101 ## - Shkurtesa
Shkurtesa SHM
245 00 - TITLE STATEMENT
Title Health information management technology :
Statement of responsibility, etc Merida L. Johns, editor.
504 ## - BIBLIOGRAPHY, ETC. NOTE
Bibliography, etc Includes bibliographical references and index.
906 ## - LOCAL DATA ELEMENT F, LDF (RLIN)
a 7
b cbc
c copycat
d 2
e ncip
f 20
g y-gencatlg
942 ## - ADDED ENTRY ELEMENTS (KOHA)
Source of classification or shelving scheme
Item type Books
Holdings
Withdrawn status Lost status Source of classification or shelving scheme Damaged status Not for loan Collection code Permanent location Current location Shelving location Date acquired Total Checkouts Full call number Barcode Date last seen Price effective from Koha item type
          Koleksioni i përgjithshem UBT - Lipjan UBT - Lipjan Koleksioni i përgjithshem 12/19/2017   610.285 JOH 002-29479 12/19/2017 12/19/2017 Books
UBT Library © 2015-2024. All rights reserved University Education for Business and Technology